Seven Words You Can Never Say on Television - Statistics

General Stats
  • This quiz has been taken 109 times
  • The average score is 4 of 7
Answer Stats
Words % Correct
word #3
97%
word #1
90%
word #4
70%
word #6
37%
word #2
35%
word #7
34%
word #5
29%
No matching quizzes found
Score Distribution
Percent of People with Each Score
Percentile by Number Answered
Your Score History
You have not taken this quiz